Statistiques concernant Les musiques dans civilisation

Cliquez ici pour prendre le quiz!

Statistiques générales

  • Ce quiz a été pris 35 fois
  • Le résultat moyen est 7 sur 15

Statistiques - réponses

HintRéponse% Correct
2La Quete
82%
15Civilisation
76%
14Athéna
67%
8L'odeur de l'essence
64%
4Bébéboa
61%
1Shonen
58%
3Du Propre
52%
7Manifeste
52%
12Dernier verre
48%
13Ensemble
45%
10Baise le monde
42%
6Seul avec du monde autour
42%
5Rêve mieux
33%
9Bour meilleur
12%
11Casseur flowteur infinity
9%

Distribution des résultats

Percentile par nombre de réponses

% des personnes avec chaque résultat

Votre développement - résultats

Vous n’avez pas pris ce quiz